000
00342 a2200157 4500
001
59841
020
_a
9788576794547
040
_c
Anchieta - Pituba
100
_a
Kloepfer, John
240
1
0
_a
Caçadores de zumbis
_l
por
245
1
0
_a
Caçadores de zumbis
300
_a
214
362
0
_a
2011
650
4
_a
Literatura juvenil
942
_c
BK
999
_c
59841
_d
59841